Central Library OPAC University of Rajshahi

An analytical philosophy of religion / (Record no. 31669)

MARC details
000 -LEADER
fixed length control field 00667nam a2200229 4500
001 - CONTROL NUMBER
control field 31669
003 - CONTROL NUMBER IDENTIFIER
rucl marc code BD-RjUL
005 - DATE AND TIME OF LATEST TRANSACTION
control field 20211209051731.0
008 - FIXED-LENGTH DATA ELEMENTS--GENERAL INFORMATION
fixed length control field 140421t1959 enka 001 0 eng d
035 ## - SYSTEM CONTROL NUMBER
System control number CURL 020000424210(Edi) from pdc431
System control number (BD-RjUL)31757
040 ## - CATALOGING SOURCE
Original cataloging agency DAY
Transcribing agency DAY
Modifying agency EUX
-- BD-RjUL
Language of cataloging eng
041 ## - LANGUAGE CODE
Language code of text/sound track or separate title eng
082 04 - DEWEY DECIMAL CLASSIFICATION NUMBER
Classification number 200.973
Author mark and year ZUA 1959
100 1# - MAIN ENTRY--PERSONAL NAME
Personal name Zuurdeeg, Willem Frederik
9 (RLIN) 96365
245 13 - TITLE STATEMENT
Title An analytical philosophy of religion /
Statement of responsibility, etc. Willem F. Zuurdeeg.
260 ## - PUBLICATION, DISTRIBUTION, ETC. (IMPRINT)
Place of publication, distribution, etc. London :
Name of publisher, distributor, etc. Allen & Unwin,
Date of publication, distribution, etc. 1959.
300 ## - PHYSICAL DESCRIPTION
Pagination 320 p :
Illustrations ill. ;
Size 24 cm.
504 ## - BIBLIOGRAPHY, ETC. NOTE
Bibliography, etc includes index.
650 #0 - SUBJECT ADDED ENTRY--TOPICAL TERM
Topical term or geographic name as entry element Religion
General subdivision Philosophy
9 (RLIN) 4031
942 ## - ADDED ENTRY ELEMENTS (KOHA)
Source of classification or shelving scheme Dewey Decimal Classification
Koha item type Books
Holdings
Lost status Source of classification or shelving scheme Damaged status Not for loan Collection code Permanent Location Current Location Shelving location Date acquired Source of acquisition Cost, normal purchase price Total Checkouts Full call number Date last seen Copy number Koha item type
  Dewey Decimal Classification   Not For Loan Non-fiction Central Library, University of Rajshahi Central Library, University of Rajshahi Reading Room 09/03/1963 zeithinger 30.00   200.973 ZUA 1959 21/04/2014 C-1 Books